Family circle great chicken recipes. (Запис № 495221)
[ простий вигляд ]
| 000 -LEADER | |
|---|---|
| fixed length control field | 01346cam a22003131 4500 |
| 001 - CONTROL NUMBER | |
| control field | familycirclegrea00curt |
| 003 - CONTROL NUMBER IDENTIFIER | |
| control field | CaSfIA |
| 005 - DATE AND TIME OF LATEST TRANSACTION | |
| control field | 20210118082526.0 |
| 007 - PHYSICAL DESCRIPTION FIXED FIELD--GENERAL INFORMATION | |
| fixed length control field | cr|||| |
| 008 - FIXED-LENGTH DATA ELEMENTS--GENERAL INFORMATION | |
| fixed length control field | 710225s1968 nyua 000 0 eng |
| 010 ## - LIBRARY OF CONGRESS CONTROL NUMBER | |
| LC control number | 68023238 |
| 040 ## - CATALOGING SOURCE | |
| Original cataloging agency | DLC |
| Transcribing agency | DLC |
| Modifying agency | OCLCG |
| -- | AU@ |
| -- | EDX |
| -- | CaSfIA |
| 035 ## - SYSTEM CONTROL NUMBER | |
| System control number | (OCoLC)442877 |
| 050 00 - LIBRARY OF CONGRESS CALL NUMBER | |
| Classification number | TX749 |
| Item number | .F28 |
| 082 ## - DEWEY DECIMAL CLASSIFICATION NUMBER | |
| Classification number | 641.6/6/5 |
| 029 1# - (OCLC) | |
| OCLC library identifier | NZ1 |
| System control number | 3230758 |
| 029 1# - (OCLC) | |
| OCLC library identifier | AU@ |
| System control number | 000000708831 |
| 245 00 - TITLE STATEMENT | |
| Title | Family circle great chicken recipes. |
| Medium | [electronic resource] |
| Statement of responsibility, etc | Edited by Patricia Curtis. Designed by Ronald Gilbert. |
| 260 ## - PUBLICATION, DISTRIBUTION, ETC. (IMPRINT) | |
| Place of publication, distribution, etc | [New York] |
| Name of publisher, distributor, etc | Cowles |
| Date of publication, distribution, etc | [1968] |
| 300 ## - PHYSICAL DESCRIPTION | |
| Extent | 160 p. |
| Other physical details | illus. (part col.) |
| Dimensions | 25 cm. |
| 506 ## - RESTRICTIONS ON ACCESS NOTE | |
| Standardized terminology for access restriction | Необхідна авторизація на https://archive.org/ (створення облікового запису безкоштовно) |
| 506 ## - RESTRICTIONS ON ACCESS NOTE | |
| Standardized terminology for access restriction | Необхідна авторизація на https://openlibrary.org/ (створення облікового запису безкоштовно) |
| 650 #0 - SUBJECT ADDED ENTRY--TOPICAL TERM | |
| Topical term or geographic name as entry element | Cookery (Chicken) |
| 700 1# - ADDED ENTRY--PERSONAL NAME | |
| Personal name | Curtis, Patricia, |
| Dates associated with a name | 1923- |
| 740 01 - ADDED ENTRY--UNCONTROLLED RELATED/ANALYTICAL TITLE | |
| Uncontrolled related/analytical title | Great chicken recipes. |
| 856 41 - ELECTRONIC LOCATION AND ACCESS | |
| Uniform Resource Identifier | <a href="http://www.archive.org/details/familycirclegrea00curt">http://www.archive.org/details/familycirclegrea00curt</a> |
| Public note | Free eBook from the Internet Archive |
| 856 42 - ELECTRONIC LOCATION AND ACCESS | |
| Uniform Resource Identifier | <a href="http://www.openlibrary.org/books/OL5615025M">http://www.openlibrary.org/books/OL5615025M</a> |
| Public note | Additional information and access via Open Library |
| 942 ## - ADDED ENTRY ELEMENTS (KOHA) | |
| Koha item type | ЕКнига |
Немає доступних примірників.